Dynamics of Energy, Environment and Economy (Record no. 614557)

000 -LEADER
fixed length control field 00391nam a22001337a 4500
020 ## - INTERNATIONAL STANDARD BOOK NUMBER
International Standard Book Number 9783030435776
040 ## - CATALOGING SOURCE
Transcribing agency NUST
082 ## - DEWEY DECIMAL CLASSIFICATION NUMBER
Classification number 333.7
Author Mark DYN
100 ## - MAIN ENTRY--PERSONAL NAME
Personal name Hassan Qudrat Ullah,
9 (RLIN) 130402
245 ## - TITLE STATEMENT
Title Dynamics of Energy, Environment and Economy
Remainder of title A Sustainability Perspective
260 ## - PUBLICATION, DISTRIBUTION, ETC.
Place of publication, distribution, etc. UK.
Name of publisher, distributor, etc. glasgow,
Date of publication, distribution, etc. 2020.
650 ## - SUBJECT ADDED ENTRY--TOPICAL TERM
Source of heading or term Dynamics of Energy, Environment and Economy
942 ## - ADDED ENTRY ELEMENTS (KOHA)
Source of classification or shelving scheme
Koha item type Book
Holdings
Withdrawn status Lost status Source of classification or shelving scheme Damaged status Not for loan Permanent Location Current Location Shelving location Date acquired Total Checkouts Full call number Barcode Date last seen Price effective from Koha item type
          College of Electrical & Mechanical Engineering (CEME) College of Electrical & Mechanical Engineering (CEME) General Stacks 08/22/2025   333.7 DYN CEME- 50981 08/22/2025 08/22/2025 Book
© 2023 Central Library, National University of Sciences and Technology. All Rights Reserved.